El cine norteamericano / (Record no. 8188)

MARC details
000 -CABECERA
campo de control de longitud fija 00614nam a2200193 a 4500
005 - FECHA Y HORA DE LA ÚLTIMA TRANSACCIÓN
campo de control 20210223120834.0
008 - ELEMENTOS DE LONGITUD FIJA--INFORMACIÓN GENERAL
campo de control de longitud fija 991125s1994 mx 000 0 spa u
020 ## - NÚMERO INTERNACIONAL NORMALIZADO PARA LIBROS
Número Internacional Estándar del Libro 9686914102
035 ## - NÚMERO DE CONTROL DEL SISTEMA
Número de control de sistema UPN01000008188
049 ## - COLECCIÓN
Colección CG
050 #4 - SIGNATURA TOPOGRÁFICA DE LA BIBLIOTECA DEL CONGRESO
Número de clasificación PN1993.5 U6
Número de documento/Ítem P3.3
100 1# - ASIENTO PRINCIPAL--NOMBRE PERSONAL
Nombre de persona Patán, Federico,
Fechas asociadas al nombre 1937-
9 (RLIN) 32606
245 13 - MENCIÓN DE TÍTULO
Título El cine norteamericano /
Mención de responsabilidad, etc. Federico Patán.
260 ## - PUBLICACIÓN, DISTRIBUCIÓN, ETC.
Lugar de publicación, distribución, etc. México :
Nombre del editor, distribuidor, etc. Fideicomiso para la Cultura México-USA :
-- Instituto Mora,
Fecha de publicación, distribución, etc. 1994.
300 ## - DESCRIPCIÓN FÍSICA
Extensión 167 p. :
Otras características físicas fotos
440 #0 - MENCIÓN DE SERIE/ASIENTO SECUNDARIO--TÍTULO
Título Cómo son los norteamericanos
650 #4 - ASIENTO SECUNDARIO DE MATERIA - TERMINO TEMATICO
Término de materia o nombre geográfico como elemento de entrada CINEMATOGRAFIA -
Subdivisión geográfica ESTADOS UNIDOS -
Subdivisión general HISTORIA
9 (RLIN) 10582
905 ## - TIPO DE MATERIAL
Tipo de material Libro
Holdings
Estado de retiro Estado de pérdida Fuente del sistema de clasificación o colocación Estado dañado No para préstamo Código de colección Localización permanente Ubicación/localización actual Ubicación en estantería Total de préstamos Clasificación Código de barras Fecha visto por última vez Número de copia Tipo de ítem Koha
    Library of Congress Classification     Colección General Bib. Gregorio Torres Quintero Bib. Gregorio Torres Quintero Planta baja 10 PN1993.5 U6 P3.3 114866 31/12/2020 1 Libro